MDQL
is popping MORE tags! Check the
thread
!
Quizzes
Events
Quiz Creation
Community
Videos
Private Events
Remove Ads
Sign In
Join for FREE
Feedback
Dark Mode
Quiz Categories
Sports
Geography
Music
Movies
Television
Just For Fun
Miscellaneous
History
Literature
Language
Science
Gaming
Entertainment
Religion
Holiday
For Kids
Quiz Lab
Recent
Popular Today
Quiz Kudos Today
Editor Picks
Curator Picks
Quizzes by...
Day
Popularity
Type
Ratings
Length
Year
Community
Subscriptions
Recent Discussions
Orange Saloon
Badges
Playlists
Quests
Create
Leaderboards
Showdown
Live 5
Trivia Bingo
Activity
Puzzle Library
Sporcle Events
Private Events
Virtual Trivia
Globe League
Become a Host
Pub Owners
SporcleCon
Opinionation
Our Games
Videos
Blog
Mobile Apps
Partnerships
Remove Ads and Go Orange
Feedback
History
US Presidents
World Leaders
Politics
Nation
Discovery
War
Decade
Year
Century
Biography
Art
History
US Presidents
World Leaders
Politics
Nation
Discovery
War
Decade
Year
Century
Biography
Art
Random Quiz
Search Sporcle
×
Editor Pick
Editor Pick
History
French
Type answers based on single images at one time
Type answers based on single images at one time
Slideshow
Best Score? Go Orange.
French Artists by Artwork (slideshow) Stats
Can you name the French artists by their artwork?
By
khands
6m
20 Questions
2,935 Plays
2,935 Plays
2,935 Plays
Comments
Comments
Give Quiz Kudos
Give Quiz Kudos
-
- Ratings
hide this ad
Replay
Link that replays current quiz
Next Quiz
Link to next quiz in quiz playlist
You Got
0%
They Got
Avg Score
49%
Avg Friend Score
Upgrade to see
Score Distribution
Jump to the score distribution portion of the page
Score
0/20
Timer
06:00
0
Plays Today
% Correct
Impression, Sunrise - Claude Monet
83%
The Thinker - Auguste Rodin
82.4%
Where Do We Come From? What Are We? Where Are We Going? - Paul Gauguin
79.2%
Rehearsal on Stage - Edgar Degas
78.9%
A Sunday Afternoon on the Island of La Grande Jatte - Georges Seurat
75.6%
Dance at Le moulin de la Galette - Pierre-Auguste Renoir
73.3%
A Bar at the Folies-Bergère - Édouard Manet
71.4%
Still Life with a Curtain - Paul Cézanne
60.6%
Liberty Leading the People - Eugène Delacroix
54.6%
Oath of the Horatii - Jacques-Louis David
53%
% Correct
At the Moulin Rouge - Henri de Toulouse Lautrec
50.7%
In a Tropical Forest Combat of a Tiger and a Buffalo - Henri Rousseau
40.5%
The Raft of the Medusa - Théodore Géricault
39.7%
The Gleaners - Jean-François Millet
36.8%
The Swing - Jean-Honoré Fragonard
35.6%
Avenue de l'Opera, Paris - Camille Pissarro
24.2%
The Desperate Man - Gustave Courbet
22.6%
The Balcony - Berthe Morisot
19.2%
Yellow Seacoast - Georges Braque
10.8%
People watching the solar eclipse of 1912 - Eugène Atget
6.4%
Quiz Playlist
Details
Report
Send in Message
Add To Playlist
Slideshow:
Type answers based on single images at one time
Last Updated: Sep 2, 2017
Editor Pick in
History
Curator Pick in
Art
Quiz Scoreboard
CHALLENGE
Sign Up to Join the Scoreboard
Show All
Scores
Hide
Comments
May contain spoilers
Recently Published
Image Sorting: Flags VI
by Barbecue
Geography
2m
Find the 'City' Movie
by crazypaving
Movies
60s
Colored Red Africa Blitz
by spor1
Geography
45s
More to Explore
Quiz From the Vault
Featured Blog Post
14 Easter Pick-up Lines to Find Eggs With
hide this ad
You Might Also Like...
Tags
Art Quiz
French Quiz
Art History
paint
Painter
Painting
Slideshow
Today's Top Quizzes in History
Browse History
hide this ad
Today's Top Quizzes in French
Browse French
Top Contributed Quizzes in History
1
I Am Born On March 29th
2
Order Up: 1000 Years of World Events I
3
US National Parks Named After People
4
Popular People in 1991
5
Popular People in 1951
6
Popular People in 1941
7
Popular People in 1981
8
Popular People in 1921
9
Popular People in 1986
10
Popular People in 1976
Explore More
Trending Topics
Disney
Anime
NBA
Crossword
Marvel
Kpop
Harry Potter
Pokémon
Song
WWE
NFL
Soccer
The Office
Country
Puzzle
hide this ad
More By:
khands
Quiz
Plays
Rating
Category
Featured
Created
1980s Match-Up
278,826
4.57
History
May 4, 2014
'90s Movie Title Match-up
238,744
4.55
Movies
May 3, 2014
1960s Match-Up
228,511
4.55
History
May 2, 2014
1970s Match-Up
199,025
4.57
History
May 4, 2014
20th Century Figures Match-up
187,339
4.78
History
Sep 1, 2013
Go to Creator's Profile
Score Distribution
Quiz Creator Spotlight
khands
Follow
Send a Message
Quizzes Created
-
Created Quiz Play Count
-
More By This Creator
Popular Quizzes Today
1
Colored Red Africa Blitz
2
Find the US States - No Outlines Minefield
3
Find the 'City' Movie
4
5x2 Blitz: Bands
5
The Countries of the World
6
Find the US States
7
Find the Countries of Europe - No Outlines Minefield
8
US States
More History Quizzes
A-Z 20th Century People IV
Published
Trending Quizzes
Colored Red Europe Blitz I
Colored Red Africa Blitz II
Colored Red Europe Blitz II
Colored Red Africa Blitz III
Colored Red Europe Blitz III
Recently Updated
How Do You Spell That?
pecheneg
Godzilla Movies
pecheneg
Grab Bag: 4-10 Letters
pecheneg
2024 March Madness Bracket
pecheneg
Famous TV Couples
Peacemaker
Champions League XIs: Real Madrid
pecheneg
Largest US Cities 1790-2010
pecheneg
Rides in Walt Disney World
pecheneg
Most Oscar Losses (Acting)
pecheneg
Beyoncé Albums
pecheneg
Trending Topics
Kpop
Marvel
Harry Potter
Crossword
Anime
NBA
Disney
The Office
WWE
Puzzle
Song
Country
Soccer
NFL
Pokémon
Your Account Isn't Verified!
In order to create a playlist on Sporcle, you need to verify the email address you used during registration. Go to your
Sporcle Settings
to finish the process.
Report this User
Report this user for behavior that violates our
Community Guidelines
.
Details:
Send Report
Go to the Sporcle.com Mobile Site →
Comments